Properties of Concrete (Record no. 1414)

000 -LEADER
fixed length control field 00547nam a2200217 a 4500
003 - CONTROL NUMBER IDENTIFIER
control field PK-NaQUE
005 - DATE AND TIME OF LATEST TRANSACTION
control field 20251003094327.0
008 - FIXED-LENGTH DATA ELEMENTS--GENERAL INFORMATION
fixed length control field 251003b ||||| |||| 00| 0 eng d
020 ## - INTERNATIONAL STANDARD BOOK NUMBER
International Standard Book Number 0582406269
020 ## - INTERNATIONAL STANDARD BOOK NUMBER
International Standard Book Number 9780582406261
040 ## - CATALOGING SOURCE
Transcribing agency QUEST
100 1# - MAIN ENTRY--PERSONAL NAME
Personal name Neville, A. M.
245 10 - TITLE STATEMENT
Title Properties of Concrete
250 ## - EDITION STATEMENT
Edition statement 4th ed.
260 ## - PUBLICATION, DISTRIBUTION, ETC. (IMPRINT)
Place of publication, distribution, etc [S.l.] :
Name of publisher, distributor, etc WOC,
Date of publication, distribution, etc 2012.
300 ## - PHYSICAL DESCRIPTION
Extent 1 v. (unpaged)
650 ## - SUBJECT ADDED ENTRY--TOPICAL TERM
Topical term or geographic name as entry element Concrete
650 ## - SUBJECT ADDED ENTRY--TOPICAL TERM
Topical term or geographic name as entry element Cement
856 40 - ELECTRONIC LOCATION AND ACCESS
Uniform Resource Identifier http://10.10.170.122:8080/browse/book/22992
Link text Download eBook
942 ## - ADDED ENTRY ELEMENTS (KOHA)
Koha item type Books
Source of classification or shelving scheme
Holdings
Withdrawn status Lost status Damaged status Not for loan Permanent Location Current Location Date acquired Total Checkouts Full call number Barcode Date last seen Date checked out Price effective from Koha item type Cost, normal purchase price Source of acquisition
        Book Bank Section Book Bank Section 2014-05-02 1 624.1536NEV B4579 2017-01-19 2016-02-11 2014-05-02 Books    
  Lost and Paid For     Book Bank Section Book Bank Section 2014-05-02   624.1536NEV B4580 2014-05-02     Books    
        Book Bank Section Book Bank Section 2014-05-02 3 624.1536NEV B4581 2018-09-18 2017-01-20 2014-05-02 Books    
        Book Bank Section Book Bank Section 2014-05-02 1 624.1536NEV B4582 2016-02-09 2015-06-05 2014-05-02 Books    
        Central Library, QUEST, Nawabshah Central Library, QUEST, Nawabshah 2014-05-28   624.1536NEV 46926 2021-07-09   2014-05-28 Books 1473.00  
        Central Library, QUEST, Nawabshah Central Library, QUEST, Nawabshah 2014-05-28   624.1536NEV 46928 2014-05-28   2014-05-28 Books 1473.00  
        Central Library, QUEST, Nawabshah Central Library, QUEST, Nawabshah 2023-06-20   624.1536NEV D2272 2023-06-20   2023-06-20 Books   donation
        Seminar Library, Civil Engg. Seminar Library, Civil Engg. 2014-05-28   624.1536NEV 46925 2014-05-28   2014-05-28 Books 1473.00  
        Seminar Library, Civil Engg. Seminar Library, Civil Engg. 2014-05-28   624.1536NEV 46927 2014-05-28   2014-05-28 Books 1473.00  

Copyright © 2018,The QUEST, Nawabshah, Shaheed Benazirabad. All rights reserved
Mr. G. Farooq Channar (Librarian) QUEST, Nawabshah, Sindh, Pakistan 67480.
 Ph#: |   0244-9370381-4 Ext. 2308   Email| lib@quest.edu.pk   Web|  http://www.quest.edu.pk